|
|
|
|
| LEADER |
02112nam a2200457 i 4500 |
| 001 |
EBC4709199 |
| 003 |
MiAaPQ |
| 005 |
20200917021826.0 |
| 006 |
m o d | |
| 007 |
cr cnu|||||||| |
| 008 |
161018t20162016enka ob 000 0 eng d |
| 020 |
|
|
|z 9781786358240
|
| 020 |
|
|
|a 9781786358257 (e-book)
|
| 035 |
|
|
|a (MiAaPQ)EBC4709199
|
| 035 |
|
|
|a (Au-PeEL)EBL4709199
|
| 035 |
|
|
|a (CaPaEBR)ebr11275850
|
| 035 |
|
|
|a (CaONFJC)MIL960756
|
| 035 |
|
|
|a (OCoLC)959980490
|
| 040 |
|
|
|a MiAaPQ
|b eng
|e rda
|e pn
|c MiAaPQ
|d MiAaPQ
|
| 050 |
|
4 |
|a HF5657.4
|b .A286 2016
|
| 082 |
0 |
|
|a 658.1511
|2 23
|
| 245 |
0 |
0 |
|a Actor-reality construction :
|b a pragmatic contructivist approach to MA /
|c guest editors Hanne Nrreklit, Morten Raffnse-Mller and Falconer Mitchell.
|
| 264 |
|
1 |
|a Bradford, England :
|b Emerald Group Publishing Limited,
|c 2016.
|
| 264 |
|
4 |
|c 2016
|
| 300 |
|
|
|a 1 online resource (129 pages) :
|b illustrations, tables.
|
| 336 |
|
|
|a text
|2 rdacontent
|
| 337 |
|
|
|a computer
|2 rdamedia
|
| 338 |
|
|
|a online resource
|2 rdacarrier
|
| 490 |
0 |
|
|a Qualitative Research in Accounting & Management,
|x 1176-6093 ;
|v Volume 13, Number 3
|
| 504 |
|
|
|a Includes bibliographical references at the end of each chapters.
|
| 588 |
|
|
|a Description based on online resource; title from pdf title page (ebrary, viewed October 18, 2016).
|
| 590 |
|
|
|a Electronic reproduction. Ann Arbor, MI : ProQuest, 2016. Available via World Wide Web. Access may be limited to ProQuest affiliated libraries.
|
| 650 |
|
0 |
|a Managerial accounting.
|
| 650 |
|
0 |
|a Accounting.
|
| 655 |
|
4 |
|a Electronic books.
|
| 700 |
1 |
|
|a Nrreklit, Hanne,
|e editor.
|
| 700 |
1 |
|
|a Raffnse-Mller, Morten,
|e editor.
|
| 700 |
1 |
|
|a Mitchell, Falconer,
|e editor.
|
| 776 |
0 |
8 |
|i Print version:
|t Actor-reality construction : a pragmatic contructivist approach to MA.
|d Bradford, England : Emerald Group Publishing Limited, c2016
|h 391 pages
|k Qualitative Research in Accounting & Management ; Volume 13, Number 3
|z 9781786358240
|
| 797 |
2 |
|
|a ProQuest (Firm)
|
| 856 |
4 |
0 |
|u https://ebookcentral.proquest.com/lib/matrademy/detail.action?docID=4709199
|z Click to View
|